[Event "I Torneo Puntay B"]
[Site "Caldaro - Kaltern ITA"]
[Date "2016.10.23"]
[Round "5"]
[White "Pfeifhofer, Helmut"]
[Black "Schroffenegger, Simon"]
[WhiteElo "1631"]
[BlackElo "1639"]
[Result "1-0"]
[PlyCount "109"]
[EventDate "2016.10.21"]

1. e4 e5 2. f4 exf4 3. Nf3 Be7 4. Bc4 Bh4+ 5. Kf1 d6 6. d4 Qe7 7. Nc3 c6 8.
Bxf4 Bg4 9. g3 g5 10. Be3 Qf6 11. Kg2 Bxf3+ 12. Qxf3 Qxf3+ 13. Kxf3 g4+ 14.
Kxg4 Be7 15. Rhf1 f6 16. Rf5 Nd7 17. Raf1 O-O-O 18. h4 c5 19. Bxg8 Rhxg8+ 20.
Kh3 Rg7 21. R1f3 Rdg8 22. Nd5 Bd8 23. c3 b5 24. Bf4 Rg4 25. dxc5 Nxc5 26. Bxd6
Nxe4 27. Bf4 R4g7 28. Nb4 Kd7 29. Rd5+ Ke6 30. Rxb5 Bb6 31. Nd3 Re7 32. a4 Reg7
33. a5 Bc7 34. Bxc7 Rxc7 35. Re3 f5 36. Nc5+ Kf6 37. Nxe4+ fxe4 38. Rxe4 Rcg7
39. g4 Rd7 40. Rf5+ Kg7 41. Rg5+ Kh8 42. Rxg8+ Kxg8 43. g5 Rd2 44. Rb4 Rd7 45.
h5 Rd5 46. Kg4 Rxa5 47. Rb7 Ra4+ 48. b4 Ra3 49. c4 Ra4 50. c5 a5 51. c6 axb4
52. c7 b3+ 53. Kf5 Ra5+ 54. Ke6 Ra6+ 55. Kd7 1-0

[Event "I Torneo Puntay B"]
[Site "Caldaro - Kaltern ITA"]
[Date "2016.10.23"]
[Round "5"]
[White "Scarabello, Graziano"]
[Black "Lantschner, Alexander"]
[WhiteElo "1630"]
[BlackElo "1533"]
[Result "1-0"]
[PlyCount "48"]
[EventDate "2016.10.21"]

1. c4 e5 2. g3 Bc5 3. Bg2 d6 4. e3 Qe7 5. Nc3 c6 6. Nge2 Nf6 7. O-O O-O 8. a3
a6 9. b4 Ba7 10. Qc2 g6 11. Bb2 Be6 12. d3 Qd7 13. Rfe1 Bh3 14. Bh1 Ng4 15. d4
exd4 16. exd4 Re8 17. Ne4 Qf5 18. Nf4 Nf6 19. Nxf6+ Qxf6 20. Rxe8+ Kg7 21. c5
Bf5 22. Qe2 d5 23. Re1 b6 24. Qd2 bxc5 1-0

[Event "I Torneo Puntay B"]
[Site "Caldaro - Kaltern ITA"]
[Date "2016.10.23"]
[Round "5"]
[White "Unterkofler, Alex"]
[Black "Sinner, Armin"]
[WhiteElo "1770"]
[BlackElo "1711"]
[Result "1/2-1/2"]
[PlyCount "62"]
[EventDate "2016.10.21"]

1. e4 c5 2. f4 e6 3. Nf3 Nf6 4. e5 Nd5 5. g3 Nc6 6. c4 Nb6 7. a4 d5 8. exd6
Bxd6 9. a5 Nd7 10. Qa4 O-O 11. Bg2 e5 12. fxe5 Ndxe5 13. O-O Nxf3+ 14. Bxf3 Nd4
15. Qd1 Bh3 16. Rf2 Nxf3+ 17. Qxf3 Qe7 18. Re2 Qd7 19. Re3 Rae8 20. Nc3 Be5 21.
Ne2 Bg4 22. Qd5 Qc7 23. Raa3 Bxe2 24. Rxe2 Bd4+ 25. Kf1 Rxe2 26. Kxe2 Qe7+ 27.
Kd1 Re8 28. Rf3 Qe2+ 29. Kc2 Qe4+ 30. Qxe4 Rxe4 31. b4 Bg1 1/2-1/2